000
00243nam a2200121Ia 4500
082
_a
615.34
_b
P14Q
100
_a
QADRY, J.S.
245
_a
PHARMACOGNOSY
260
_b
CBS- DELHI
300
_a
565
650
_a
PHARMACOLOGY
942
_2
ddc
_c
BK
_0
7
999
_c
7115
_d
7115